000 01877nam a2200409 i 4500
001 23097
003 KOSZ 005
005 20240405063032.0
008 200514s1985 pl a g f 100 0cpol
015 _aPB 1989/10600
040 _aWA N
_cWA N
_dKOSZ 005/HR
_dKOSZ 005/RW
046 _k1985
080 _a94(438).081
245 0 0 _aBiografistyka Powstania Wielkopolskiego :
_b1918-1919 : materiały z VI ogólnopolskiego seminarium historyków Powstania Wielkopolskiego 1918-1919, Kościan, 19 kwietnia 1985 r. /
_credakcja naukowa Bogusław Polak ; Instytut Nauk Społecznych Wyższej Szkoły Inżynierskiej w Koszalinie, Związek Bojowników o Wolność i Demokrację w Kościanie.
260 _aKoszalin :
_bWydawnictwo Uczelniane Wyższej Szkoły Inżynierskiej,
_c1985.
300 _a172 strony :
_bfotografie, portrety, rysunki ;
_c24 cm.
336 _aTekst
_btxt
_2rdacontent
337 _aBez urządzenia pośredniczącego
_bn
_2rdamedia
338 _aWolumin
_bnc
_2rdacarrier
380 _aKsiążki
380 _aPublikacje naukowe
388 _a1901-2000
388 _a1945-1989
648 7 _a1901-2000
648 7 _a1914-1918
648 7 _a1918-1939
650 7 _aPowstanie wielkopolskie (1918-1919)
650 7 _aBiografistyka
655 7 _aMateriały konferencyjne
658 _aHistoria
700 1 _aPolak, Bogusław
_d(1945- )
_eRedakcja
710 2 _aWydawnictwo Uczelniane (Wyższa Szkoła Inżynierska ; Koszalin)
_4pbl.
711 2 _aOgólnopolskie Seminarium Historyków Powstania Wielkopolskiego 1918-1919
_n(6 ;
_d1985 ;
_cKościan)
856 _uhttp://koha.tu.koszalin.pl/cgi-bin/koha/opac-detail.pl?biblionumber=23097
_yKatalog online BPK
856 _uhttp://dlibra.tu.koszalin.pl/dlibra/docmetadata?id=1422&from=latest
_yBiblioteka Cyfrowa
942 _2UKD
_cKS
999 _c23097
_d23097